Thực trạng doanh nghiệp qua kết quả điều tra năm 2003, 2004, 2005 = The situation of enterprises through the results of surveys conducted in 2003, 2004, 2005 /

Αποθηκεύτηκε σε:
Λεπτομέρειες βιβλιογραφικής εγγραφής
Κύριος συγγραφέας: Tổng cục thống kê
Μορφή: Βιβλίο
Γλώσσα:Vietnamese
Έκδοση: TKE 2005
Ετικέτες: Προσθήκη ετικέτας
Δεν υπάρχουν, Καταχωρήστε ετικέτα πρώτοι!
Thư viện lưu trữ: Mạng thư viện Đại học Đà Nẵng
LEADER 00766nam a2200265 4500
001 000028323
003 TÔNY
005 20150403120000.0
008 150403s vm 000 vie
020 |c 0,0000 
040 |a notts 
100 |a Tổng cục thống kê 
245 |a Thực trạng doanh nghiệp qua kết quả điều tra năm 2003, 2004, 2005 = The situation of enterprises through the results of surveys conducted in 2003, 2004, 2005 /  |c Tổng cục thống kê. 
260 |b TKE  |c 2005 
OWN |a LTT 
999 |a From the UDN01 
TYP |a Monograph 
TYP |a Printed language 
980 |a Mạng thư viện Đại học Đà Nẵng